<?xml version="1.0" encoding="UTF-8"?>
<marc:record xmlns:marc="http://www.loc.gov/MARC21/slim">
   <marc:leader>00000nam a2200000 a 4500</marc:leader>
   <marc:datafield ind1="1" ind2=" " tag="100">
      <marc:subfield code="a">Brooks, Ben</marc:subfield>
      <marc:subfield code="4">aut</marc:subfield>
      <marc:subfield code="e">Verfasser/-in</marc:subfield>
   </marc:datafield>
   <marc:datafield ind1="0" ind2="0" tag="245">
      <marc:subfield code="a">Stories for boys who dare to be different</marc:subfield>
   </marc:datafield>
   <marc:datafield ind1="0" ind2="0" tag="245">
      <marc:subfield code="b">Vom Mut, anders zu sein</marc:subfield>
   </marc:datafield>
   <marc:datafield ind1="0" ind2="0" tag="245">
      <marc:subfield code="c">Brooks, Ben</marc:subfield>
   </marc:datafield>
   <marc:datafield ind1="1" ind2=" " tag="520">
      <marc:subfield code="a">Jungs brauchen Vorbilder &#x96; heute mehr denn je. In diesem aufwändig gestalteten Buch finden sie über 100 ganz persönliche Geschichten von Künstlern, Wissenschaftlern, Umweltaktivisten, Fußballern, Politikern und Entdeckern &#x96; von großen und kleinen Helden aus der ganzen Welt und aus allen Epochen, die Grenzen überschritten haben und gegen den Strom geschwommen sind. Sie alle hatten den Mut, ihren eigenen Weg zu gehen und so ihre Träume zu verwirklichen.&#xD;
ab 6 J.</marc:subfield>
   </marc:datafield>
   <marc:datafield ind1=" " ind2=" " tag="020">
      <marc:subfield code="a">9783743202597</marc:subfield>
      <marc:subfield code="9">9783743202597</marc:subfield>
   </marc:datafield>
   <marc:datafield ind1=" " ind2=" " tag="020">
      <marc:subfield code="a">374320259X</marc:subfield>
      <marc:subfield code="9">374320259X</marc:subfield>
   </marc:datafield>
</marc:record>
